• 首页
  • 本馆介绍
  • 公告通知
  • 最新文献
  • 馆藏检索
  • 电子资源
  • 读者导购
  • 参考咨询
  • 我的图书馆
  • 登录
  • 详细信息显示
  • 放入我的书架
  • 预约/预借图书
  • 作者相关作品
  • 分类相关作品
  • 丛书相关作品
  • 出版社相关作品

书目信息

  • 表格格式
  • 工作单格式
  • 卡片格式
题名:
联邦调查局密探
    
 
作者: 鲍尔斯 著 ;容亚 , 李家禄 译
分册:  
出版信息: 北京   群众出版社  1988.7
页数: 318页
开本: 20cm
丛书名:
单 册:
中图分类: D771.236
科图分类:
主题词: 情报机构--美国 , 情报机构--活动--美国
电子资源:
ISBN: 7-5014-0075-X
000 00762nam0 2200253 45
001 0189028557
005 20050629100741.7
010    @a7-5014-0075-X@dCNY2.90
020    @aCN@b89028557
100    @a19911017d1988 m y0chiy0120 ea
101 1  @achi@ceng
102    @aCN@b110000
105    @ay z 000yy
200 10 @a联邦调查局密探@Alian bang diao cha ju mi tan@f(美)理查德·吉德·鲍尔斯著@F(Mei)Li Cha De·Ji De·Bao Er Si Zhu@g容亚,李家禄译
210    @a北京@c群众出版社@d1988.7
215    @a318页@d20cm
606 0  @a情报机构@y美国
606 0  @a情报机构@x活动@y美国
690    @aD771.236@v3
701  0 @a鲍尔斯@4著
702  0 @a容亚@ARong Ya@4译
702  0 @a李家禄@Ali jia lu@4译
801  0 @aCN@bNLC@c19911017
905    @dD771.236@e179@f1@b260043
    
    联邦调查局密探/(美)理查德·吉德·鲍尔斯著/容亚,李家禄译.-北京:群众出版社,1988.7
    318页;20cm
    
    
    ISBN 7-5014-0075-X:CNY2.90
    
●
相关链接 在E读中查询图书 在五车中查询图书 在当当中查询图书 在豆瓣中查询图书


正题名:联邦调查局密探     索取号:D771.236/179         预约/预借

序号 登录号 条形码 馆藏地/架位号 状态 备注
1 0260044   001017269   密集书库/ [索取号:D771.236/179] 在馆    
2 0260045   001017250   密集书库/ [索取号:D771.236/179] 在馆    
3 0260046   001017241   密集书库/ [索取号:D771.236/179] 在馆    
4 0260047   001017278   密集书库/ [索取号:D771.236/179] 在馆    
唐山师范学院图书馆 欢迎您!
大连网信软件有限公司© 版权所有